| 000 | 01270nac a22002531u 4500 | ||
|---|---|---|---|
| 010 | _a 94236224 | ||
| 020 | _a0521450403 | ||
| 082 | 0 | 0 |
_a333.9100962 _bH8591 |
| 090 |
_c4037 _d4037 |
||
| 100 | _a20080729 | ||
| 245 | 0 | 4 |
_aThe Nile, sharing a scarce resource : _ba historical and technical review of water management and of economic and legal issues / _cedited by P.P. Howell, J.A. Allan. |
| 260 |
_aCambridge ; _aNew York : _bCambridge University Press,1994 _c1994. |
||
| 300 |
_axvii, 408 p. : _bill. ; _c24 cm. |
||
| 504 | _aIncludes bibliographical references and index. | ||
| 650 | 0 |
_aWater-supply _zNile River Watershed _xManagement. |
|
| 650 | 0 |
_aWater resources development _xEconomic aspects _zNile River Watershed. |
|
| 650 | 0 |
_aWater rights _zNile River Watershed. |
|
| 700 | 1 |
_aAllan, J. A. _q(John Anthony) |
|
| 700 | 1 |
_aHowell, P. P. _q(Paul Philip) |
|
| 856 | 4 | 2 |
_3Publisher description _uhttp://www.loc.gov/catdir/description/cam026/94236224.html |
| 856 | 4 | 2 |
_3Table of contents _uhttp://www.loc.gov/catdir/toc/cam026/94236224.html |
| 942 |
_cBB _k333.9100962H8591 |
||
| 999 |
_c4037 _d4037 |
||